000 01635nam a22002777a 4500
003 PE SENCICO BE
005 20251020182710.0
008 250107b |||||||| |||| 00| 0 eng d
020 _a978-9972-45-501-8
040 _aPE SENCICO BE
_cPE SENCICO BE
041 _aspa
082 _a720.284
_bG68
100 1 _92788
_aGómez Taipe, Wilder
_eautor
245 1 _aDibujo arquitectónico 1 /
_cWilder Gómez Taipe, Oscar Gómez García
250 _a1a ed.
260 _aLima :
_bUniversidad de Lima, Fondo editorial ;
_c2019
300 _a219 p. :
_bil., graf. ;
_c24 x 28 cm.
505 0 _aTrazos y valoración -- Proporciones y estructuras -- Escala -- Proyecciones ortogonales -- Axonometrías -- Secciones -- Perspectiva -- Método general de perspectiva -- El color y la perspectiva
520 3 _aEl texto empieza con el reconocimiento de las graduaciones de los lápices por medio de la valoración lineal y tonal de ejemplos simples (volúmenes platónicos y casos emblemáticos de la arquitectura). En los siguientes capitulos se incorporan nuevos conceptos, como las vistas del depurado y sección en los volúmenes. Asimismo se desarrolla la teoría de la perspectiva y los autores hacen una breve recuento acerca de la noción del espacio en diversas culturas. Finalmente se concluye con una visión particular sobre el color y su aplicación en perspectivas al natural o que sigan al método.
650 1 0 _9428
_aDibujo arquitectónico
650 2 0 _91465
_aDibujo a lapiz
650 2 0 _9827
_aTécnicas de dibujo
700 1 _92789
_aGómez García, Óscar
_eautor
910 _ahfp
_bhfp
_chfp
942 _2ddc
_cLIB
999 _c5044
_d5044